| 000 | 00362nam a22001337a 4500 | ||
|---|---|---|---|
| 020 | _qPB. | ||
| 040 | _cFIZZA ISHAQ | ||
| 082 |
_a973.911 _bMOR |
||
| 100 |
_aMorris , Edmund. _9133891 |
||
| 245 |
_aTheodore Rex / _c Edmund Morris. |
||
| 260 |
_aNew York: _bModern Library Paperbacks, _c2001. |
||
| 300 |
_a772 P. ; _c 5.21 x 1.3 x 8 inches |
||
| 942 |
_2ddc _cBK |
||
| 999 |
_c616853 _d616853 |
||